Languages & Dialects - Sudden Death - Statistics

General Stats
  • This quiz has been taken 331 times
  • The average score is 17 of 60
Answers on the Grid
Answers color-coded by a green-red scale on the quiz's grid according to % correct below.
English
Spanish
French
Portuguese
German
Polish
Russian
Romanian
Romansh
Italian
Catalan
Georgian
Mandarin
Cantonese
Filipino
Cebuano
Indonesian
Malay
Vietnamese
Maori
Xhosa
Marathi
Nepali
Arabic
Uyghur
Min Nan
Yoruba
Tetum
Berber
Armenian
Tajik
Mongolian
Korean
Japanese
Javanese
Fijian
Nauruan
Navajo
Sinhala
Punjabi
Pashto
Afar
Tigrinya
Afrikaans
Zulu
Tswana
Malagasy
Lao
Danish
Czech
Slovenian
Montenegrin
Sardinian
Galician
Seychellois Creole
Gilbertese
Kosraean
Tok Pisin
Tsou
Yiddish
Sithian
Yapanese
Sumatran
Bruneian
Singaporean
Mexican
American
Californian
Mumbaian
Taiwanese
Hokkaidoan
Sevillian
Galapagosian
Zealandish
Yugoslav
Malian
Brazilian
Milano
Lyonese
Flandersian
Liechtensteinish
Nigerois
Anglo-Egyptian Creole
Asmaran
Somalilais
Sulawesian
Quebecois
Czechoslovak
Asian
Baltic
Balerian
South German
South Japanese
Suluan
Bhutanese
Myanmarese
Wuhanese
Papuan
Indian
East Pakistani
Kaza-Tajik
Kaza-Turkmen
Sovietese
Maotian
Stalinese
Minecraftian
Robloxic
Pharohese
Earthian
Martian
Hollandish
Glasgowese
Atlantian
Antillian
Negrosian
Bangalorean
Mumbaian
New Yorkan
Death Starian
Grootian
 
Answer Stats
Answer % Correct
Polish
45%
Russian
43%
Italian
42%
Portuguese
42%
Spanish
42%
Danish
41%
Japanese
41%
Korean
41%
Afrikaans
40%
Arabic
40%
French
40%
Romanian
40%
Mandarin
39%
Cantonese
38%
Catalan
38%
German
38%
Maori
38%
English
37%
Slovenian
37%
Vietnamese
37%
Zulu
36%
Czech
35%
Malay
35%
Punjabi
35%
Armenian
32%
Mongolian
32%
Georgian
31%
Xhosa
31%
Yiddish
31%
Indonesian
30%
Romansh
30%
Tajik
30%
Filipino
29%
Lao
28%
Navajo
28%
Nepali
27%
Pashto
26%
Javanese
24%
Tswana
24%
Seychellois Creole
23%
Malagasy
22%
Sinhala
22%
Yoruba
22%
Montenegrin
21%
Uyghur
21%
Berber
20%
Gilbertese
20%
Marathi
19%
Sardinian
19%
Afar
17%
Cebuano
17%
Fijian
17%
Galician
17%
Tigrinya
17%
Min Nan
16%
Tok Pisin
16%
Tetum
15%
Nauruan
13%
Kosraean
6%
Tsou
3%
No matching quizzes found
Score Distribution
Percent of People with Each Score
Percentile by Number Answered
Your Score History
You have not taken this quiz